000 01560cam a2200469 i 4500
001 nkc20223441032
003 CZ PrSKC
005 20260415093125.0
007 ta
008 240913s2022 xr a a 000 p cze d
020 _a9788076880412
020 _a9788076880429
040 _aPAG001
_bcze
_dABA001
_erda
072 7 _a821.162.3-1
_xČeská poezie
_2Konspekt
072 7 _a821-93
_xLiteratura pro děti a mládež (beletrie)
_2Konspekt
080 _a821.162.3-1
_2MRF
080 _a821-93
_2MRF
080 _a(0:82-193)
_2MRF
080 _a(0.025.2)
_2MRF
100 1 _aTovarová, Lenka,
_d1977-
_4aut
_920648
245 1 0 _aBásničky s pohybem.
_pZvířátka /
_ctexty: Lenka Tovarová ; ilustrace: Michaela Pešlová
246 3 0 _aZvířátka
250 _a1. vydání
264 1 _aPraha :
_bAlbi,
_c2022
300 _a14 nečíslovaných stran :
_bbarevné ilustrace ;
_c18 cm
490 1 _aKvído
500 _aÚdaj o vydání je chybný, správně má být: 2. vydání
500 _aV roce 2023 2. dotisk, v roce 2024 3. dotisk
500 _aKartonové listy
520 2 _aŠest rytmických básniček doplněných hravými pohybovými aktivitami a gesty.
655 7 _ačeská poezie
_9923
655 7 _aříkadla
_9478
655 7 _aleporela
_9906
655 7 _apublikace pro děti
655 9 _aCzech poetry
_9926
655 9 _achildren's poetry
_9479
655 9 _afolding picture-books
_97353
655 9 _achildren's literature
700 1 _aPešlová, Michaela
_4ill
_99746
910 _aABG508
999 _c34172
_d34172